| 000 | 00393nam a22001697a 4500 | ||
|---|---|---|---|
| 005 | 20160528114556.0 | ||
| 008 | 160528b xxu||||| |||| 00| 0 eng d | ||
| 020 | _a981-243-122-5 | ||
| 041 | _aeng | ||
| 082 | _b5772 | ||
| 100 |
_aTerpstra, vernk sarathy, Ravi _91445 |
||
| 245 | _aInternational Marketing | ||
| 260 | _bThomson | ||
| 300 | _a733 | ||
| 650 |
_aManagement _9241 |
||
| 942 | _cBK | ||
| 999 |
_c2045 _d2044 |
||